01336nab a2200349 a 450000100060000000300080000600500170001400600190003100700150005000800410006502200140010603500210012004000260014105000210016708000070018808200120019510000350020724501880024226000670043030000140049731000180051136200110052944000140054053301640055465000560071865000600077465500320083470000220086671000190088885600620090799900170096993915FlNmELB20241217172235.0m o d | cr cn|||||||||201201r2012 ec |||||s|||||||||||spa d a1390-6208 a(OCoLC)955457418 aFlNmELBbspacFlNmELB 4aQ171bG9847 2012 a5104a5102221 aGutiérrez Cabello, Adrián.13aUn estudio sobre la distribución regional de los préstamos en la Argentina por sector económico, 2000-2010h[recurso electronico]cAdrián Gutiérrez Cabello, Andrés Salama. aQuito :bInstituto Nacional de Estadísticas y Censos,c2012. a43-57 pp. aCuatrimestral0 aNp. 3. 0aAnalitika aRecurso electrónico. Santa Fe, Arg.: e-libro, 2015. Disponible vía World Wide Web. El acceso puede estar limitado para las bibliotecas afiliadas a e-libro. 4aMathematics.xProbability and statistics.xGeneral. 4aMatemática.xProbabilidad y estadísticas.xGeneral. 4aArtículos electrónicos.1 aSalama, Andrés.2 ae-libro, Corp.40uhttps://elibro.net/ereader/politecnicointernacional/96207 c93915d93915